[Event "DVM U20 2016"]
[Site "Borken-Gemen GER"]
[Date "2016.12.28"]
[Round "4"]
[White "Hartge, Gedeon"]
[Black "Hacker, Jonas"]
[Result "0-1"]
[Termination "normal"]
[Board "4.2"]
[BlackTitle "FM"]
[WhiteElo "2088"]
[BlackElo "2369"]
[WhiteTeam "USV Halle"]
[BlackTeam "SC Eppingen"]
[PlyCount "110"]
[WhiteFideId "12932116"]
[BlackFideId "1270968"]
[EventCountry "GER"]
[EventRounds "7"]
[EventType "team-swiss"]
[EventDate "2016.12.26"]

1.d4 d5 2.c4 c6 3.cxd5 cxd5 4.Nc3 Nf6 5.Bf4 Nc6 6.e3 a6 7.Bd3 Bg4 8.Nge2 e6
9.h3 Bh5 10.O-O Be7 11.Qb3 Ra7 12.Rfc1 O-O 13.Na4 Nd7 14.Bh2 Bg6 15.Nf4 Bd6
16.Nxg6 Bxh2+ 17.Kxh2 hxg6 18.Nc5 Nxc5 19.Rxc5 Qe7 20.Rac1 Raa8 21.Kg1 Rfd8
22.Qc3 Rdc8 23.a3 Na7 24.b4 Rxc5 25.bxc5 Rc8 26.Rb1 Rc7 27.Qb3 Nc6 28.Bc2 e5
29.Rd1 Rd7 30.Qc3 Qf6 31.Ba4 exd4 32.exd4 Re7 33.Bxc6 bxc6 34. Qd3 a5 35.a4 Rb7
36.Qa6 Rb2 37.Rf1 Kh7 38.Qxa5 Qxd4 39.Qa7 Rc2 40.Qxf7 Qxc5 41.Re1 Rc1 42.Rxc1
Qxc1+ 43.Kh2 d4 44.Qd7 c5 45.Qd6 Qe1 46.Qf4 Qa5 47.Qh4+ Kg8 48.Qg5 Qc7+ 49.Qg3
Qd8 50.a5 Qxa5 51.Qxg6 Qd8 52.Qd3 Qd5 53.f4 c4 54.Qg6 d3 55.f5 Qe5+ 0-1

[Event "DVM U20 2016"]
[Site "Borken-Gemen GER"]
[Date "2016.12.28"]
[Round "4"]
[White "Gibicar, Danijel"]
[Black "Gröbel, Aaron"]
[Result "1-0"]
[Termination "normal"]
[Board "4.3"]
[WhiteTitle "FM"]
[WhiteElo "2264"]
[BlackElo "1977"]
[WhiteTeam "SC Eppingen"]
[BlackTeam "USV Halle"]
[PlyCount "63"]
[WhiteFideId "24660256"]
[BlackFideId "12914851"]
[EventCountry "GER"]
[EventRounds "7"]
[EventType "team-swiss"]
[EventDate "2016.12.26"]

1.e4 e5 2.Nf3 Nc6 3.Bb5 Nge7 4.Nc3 Ng6 5.h4 Nd4 6.Bc4 c6 7.d3 b5 8.h5 bxc4
9.hxg6 Nxf3+ 10.Qxf3 fxg6 11.dxc4 Qf6 12.Qg3 Bc5 13.Be3 Bxe3 14.Qxe3 O-O 15.f3
a5 16.O-O-O a4 17.b3 Qe7 18.c5 axb3 19.cxb3 Rf6 20.Na4 Ra5 21.b4 Ra7 22.Nb6 Ba6
23.Qb3+ Rf7 24.Rd2 Qd8 25.Rhd1 Kf8 26.a4 Re7 27.Qa2 Bb5 28.Qb3 Ba6 29.Rd6 Qe8
30.Kb2 Be2 31.R1d2 Bf1 32.Qd1 1-0

[Event "DVM U20 2016"]
[Site "Borken-Gemen GER"]
[Date "2016.12.28"]
[Round "4"]
[White "Schulte, Felix"]
[Black "Mütsch, Annmarie"]
[Result "1/2-1/2"]
[Termination "normal"]
[Board "4.4"]
[WhiteElo "1892"]
[BlackElo "2094"]
[WhiteTeam "USV Halle"]
[BlackTeam "SC Eppingen"]
[PlyCount "79"]
[WhiteFideId "12914800"]
[BlackFideId "12971367"]
[EventCountry "GER"]
[EventRounds "7"]
[EventType "team-swiss"]
[EventDate "2016.12.26"]

1.d4 Nf6 2.c4 e6 3.Nc3 Bb4 4.e3 b6 5.Ne2 Ne4 6.Bd2 Nxd2 7.Qxd2 Bb7 8.a3 Be7
9.d5 O-O 10.g3 d6 11.Bg2 e5 12.O-O Nd7 13.b4 a5 14.Rfc1 f5 15.f4 Bc8 16.Ra2 Bf6
17.Nb5 Ba6 18.Rac2 g6 19.Qd3 Kh8 20.Bh3 Bg7 21.Kh1 Re8 22.Ng1 Bf8 23.Nf3 Bh6
24.Qc3 Kg8 25.Re1 Bg7 26.fxe5 Nxe5 27.Nxe5 dxe5 28.e4 fxe4 29.Be6+ Kh8 30.bxa5
c6 31.axb6 cxb5 32.c5 Bc8 33.Bxc8 Rxc8 34.Qb3 Bf8 35. b7 Rxc5 36.Rxc5 Bxc5
37.Qxb5 Bxa3 38.Rxe4 Rf8 39.Rc4 Qf6 40.Rc8 1/2-1/2

[Event "DVM U20 2016"]
[Site "Borken-Gemen GER"]
[Date "2016.12.28"]
[Round "4"]
[White "Bay, Nicolai"]
[Black "Perekhozhuk, Maksym"]
[Result "1-0"]
[Termination "normal"]
[Board "4.5"]
[WhiteElo "1977"]
[BlackElo "1912"]
[WhiteTeam "SC Eppingen"]
[BlackTeam "USV Halle"]
[PlyCount "59"]
[WhiteFideId "12927619"]
[BlackFideId "12914860"]
[EventCountry "GER"]
[EventRounds "7"]
[EventType "team-swiss"]
[EventDate "2016.12.26"]

1.e4 c5 2.c3 g6 3.d4 cxd4 4.cxd4 d5 5.e5 Nc6 6.Nf3 Nh6 7.Nc3 Bg4 8.Be2 Bg7
9.Be3 O-O 10.O-O Nf5 11.Qd2 f6 12.Rad1 e6 13.exf6 Bxf6 14.Ne5 Bxe2 15.Qxe2 Nxe5
16.dxe5 Bxe5 17.Bc5 Bxh2+ 18.Kxh2 Qc7+ 19.Kg1 Qxc5 20.Qxe6+ Rf7 21. Rxd5 Qf8
22.Rd7 Re8 23.Qb3 Re7 24.Rfd1 b6 25.Nb5 Kh8 26.Qc3+ Ng7 27.Rd8 Re8 28.Rxe8 Qxe8
29.Nd6 Qe7 30.Nxf7+ 1-0

[Event "DVM U20 2016"]
[Site "Borken-Gemen GER"]
[Date "2016.12.28"]
[Round "4"]
[White "Kretzschmar, Arnd"]
[Black "Hahn, Cedric"]
[Result "1-0"]
[Termination "normal"]
[Board "4.6"]
[WhiteElo "1959"]
[BlackElo "1971"]
[WhiteTeam "USV Halle"]
[BlackTeam "SC Eppingen"]
[PlyCount "89"]
[WhiteFideId "12914835"]
[BlackFideId "12910538"]
[EventCountry "GER"]
[EventRounds "7"]
[EventType "team-swiss"]
[EventDate "2016.12.26"]

1.d4 Nf6 2.c4 g6 3.f3 Bg7 4.e4 d6 5.Nc3 O-O 6.Be3 Nbd7 7.Nge2 e5 8.d5 a6 9.a4
Ne8 10.Qd2 f5 11.O-O-O Nef6 12.exf5 gxf5 13.g4 fxg4 14.fxg4 Nxg4 15. Rg1 Nxe3
16.Qxe3 Nf6 17.Qg5 Rf7 18.Rd3 Qf8 19.Bh3 Kh8 20.Qh4 Ng8 21.Rdg3 Bxh3 22.Rxh3
Rf1+ 23.Kc2 Qf5+ 24.Kb3 Rxg1 25.Nxg1 Nf6 26.Nf3 Kg8 27.Ng5 Re8 28.Rf3 Qg4
29.Qxg4 Nxg4 30.Nce4 Re7 31.h3 Nh6 32.Ne6 b6 33.N4g5 a5 34. Ne4 Nf7 35.Rg3 Nh6
36.Nf6+ Kf7 37.Nxh7 Nf5 38.Nhg5+ Kg6 39.Rg1 Bh6 40.Ne4+ Kh5 41.Rg4 Rf7 42.Nxc7
Be3 43.Nb5 Bc5 44.Rg5+ Kh4 45.Rg8 1-0

[Event "DVM U20 2016"]
[Site "Borken-Gemen GER"]
[Date "2016.12.28"]
[Round "4"]
[White "Kololli, Kevin"]
[Black "Pixa, Richard"]
[Result "1-0"]
[Termination "normal"]
[Board "5.1"]
[WhiteElo "2217"]
[BlackElo "2080"]
[WhiteTeam "Lübecker SV"]
[BlackTeam "SV Mattnetz Berlin"]
[PlyCount "79"]
[WhiteFideId "12936863"]
[BlackFideId "4626095"]
[EventCountry "GER"]
[EventRounds "7"]
[EventType "team-swiss"]
[EventDate "2016.12.26"]

1.Nf3 d5 2.g3 Nf6 3.Bg2 c6 4.O-O Nbd7 5.d3 e5 6.Nbd2 Bd6 7.e4 O-O 8.Re1 Re8
9.exd5 cxd5 10.c3 Qc7 11.Nf1 Bf8 12.Qc2 b5 13.d4 e4 14.Bf4 Qb6 15.Ne5 Nh5
16.Nxd7 Bxd7 17.f3 Nxf4 18.gxf4 f5 19.Ne3 Qc6 20.Qb3 Be6 21.Bh3 g6 22. fxe4
fxe4 23.Bxe6+ Qxe6 24.Qxd5 Bh6 25.Rf1 Rab8 26.Rae1 Rb6 27.Qxe6+ Rbxe6 28.Ng4
Kg7 29.Ne5 Rf6 30.Rxe4 Ref8 31.Nd3 R8f7 32.h4 g5 33.hxg5 Bxg5 34. Re5 Bxf4
35.Nxf4 Rxf4 36.Rxf4 Rxf4 37.Re7+ Kg6 38.Rxa7 h5 39.Ra5 Rf5 40.a4 1-0

[Event "DVM U20 2016"]
[Site "Borken-Gemen GER"]
[Date "2016.12.28"]
[Round "4"]
[White "Doering, Andre Patrick"]
[Black "Kololli, Martin"]
[Result "0-1"]
[Termination "normal"]
[Board "5.2"]
[WhiteElo "1806"]
[BlackElo "2231"]
[WhiteTeam "SV Mattnetz Berlin"]
[BlackTeam "Lübecker SV"]
[PlyCount "74"]
[WhiteFideId "4697480"]
[BlackFideId "12936910"]
[EventCountry "GER"]
[EventRounds "7"]
[EventType "team-swiss"]
[EventDate "2016.12.26"]

1.d4 Nf6 2.c4 e6 3.Bg5 d5 4.Nc3 Be7 5.e3 h6 6.Bh4 O-O 7.Nf3 b6 8.cxd5 exd5
9.Bd3 Bb7 10.O-O c5 11.Re1 Nbd7 12.Bg3 Nh5 13.Ne2 Nxg3 14.Nxg3 Re8 15.b3 Bf6
16.Rc1 g6 17.Bb5 Rc8 18.dxc5 bxc5 19.b4 c4 20.e4 g5 21.Ba4 Re7 22.exd5 Rxe1+
23.Nxe1 Nb6 24.Bc6 Bxc6 25.dxc6 Qxd1 26.Rxd1 Rxc6 27.Ne4 Be7 28.Nc2 f5 29.Nc3
Bf6 30.Nd5 Nxd5 31.Rxd5 Kf7 32.Kf1 Ke6 33.Ra5 Rd6 34.Ne3 c3 35. Ke1 Bd4 36.Ke2
Kf7 37.Rd5 Bxe3 0-1

[Event "DVM U20 2016"]
[Site "Borken-Gemen GER"]
[Date "2016.12.28"]
[Round "4"]
[White "Poghosyan, Tigran"]
[Black "Bui, Bao Anh Le"]
[Result "0-1"]
[Termination "normal"]
[Board "5.3"]
[WhiteElo "2063"]
[BlackElo "1763"]
[WhiteTeam "Lübecker SV"]
[BlackTeam "SV Mattnetz Berlin"]
[PlyCount "70"]
[WhiteFideId "12909319"]
[BlackFideId "12970719"]
[EventCountry "GER"]
[EventRounds "7"]
[EventType "team-swiss"]
[EventDate "2016.12.26"]

1.e4 c5 2.Nf3 d6 3.d4 cxd4 4.Qxd4 a6 5.c4 Nc6 6.Qe3 g6 7.Be2 Bg7 8.O-O Nf6 9.h3
O-O 10.Rd1 Qc7 11.Nc3 Be6 12.Rb1 Na5 13.b3 Rac8 14.Bd2 Nc6 15.Rbc1 Qb8 16.Ng5
Nd7 17.Nd5 h6 18.Nxe6 fxe6 19.Nf4 Bd4 20.Qg3 g5 21.h4 Nf6 22. Bf3 g4 23.Bxg4
Bxf2+ 24.Qxf2 Nxg4 25.Qg3 Ne5 26.Bc3 Kh7 27.Nxe6 Rg8 28.Qf4 Rg6 29.Nd4 Rf8
30.Qg3 Nf2 31.Qe3 Nxd1 32.Rxd1 Rfg8 33.Rd2 Rg3 34.Qf4 Rxc3 35.Ne2 Rf3 0-1

[Event "DVM U20 2016"]
[Site "Borken-Gemen GER"]
[Date "2016.12.28"]
[Round "4"]
[White "Klodt, Daniel"]
[Black "Tiedemann, Fin Niklas"]
[Result "0-1"]
[Termination "normal"]
[Board "5.4"]
[WhiteElo "1741"]
[BlackElo "1911"]
[WhiteTeam "SV Mattnetz Berlin"]
[BlackTeam "Lübecker SV"]
[PlyCount "93"]
[WhiteFideId "12938068"]
[BlackFideId "12936936"]
[EventCountry "GER"]
[EventRounds "7"]
[EventType "team-swiss"]
[EventDate "2016.12.26"]

1.e4 e5 2.Nf3 Nc6 3.Bb5 a6 4.Ba4 Nf6 5.O-O Be7 6.Re1 b5 7.Bb3 O-O 8.h3 d6 9.c3
Nb8 10.d4 Nbd7 11.Nbd2 Bb7 12.Bc2 Re8 13.Nf1 Bf8 14.Ng3 g6 15.Bg5 h6 16.Bd2 Bg7
17.Qc1 Kh7 18.a4 Nb6 19.axb5 axb5 20.d5 c6 21.dxc6 Bxc6 22.Be3 Nc4 23.b3 Rxa1
24.Qxa1 Nxe3 25.Rxe3 d5 26.Qa7 Qd6 27.Nh4 Kg8 28.Re1 d4 29. cxd4 exd4 30.e5
Rxe5 31.Rxe5 Qxe5 32.Nf3 Bxf3 33.gxf3 Nd5 34.Be4 Nf4 35. Qd7 h5 36.Qc8+ Kh7
37.Qd7 Qf6 38.Kh2 h4 39.Nf1 Qe5 40.Qxf7 Qg5 41.Ng3 hxg3+ 42.fxg3 Nh5 43.g4 Nf6
44.Qxg6+ Qxg6 45.Bxg6+ Kxg6 46.Kg3 d3 47.Kf2 0-1

[Event "DVM U20 2016"]
[Site "Borken-Gemen GER"]
[Date "2016.12.28"]
[Round "4"]
[White "Bosselmann, Tom Linus"]
[Black "Pixa, Ulrich"]
[Result "1-0"]
[Termination "normal"]
[Board "5.5"]
[WhiteElo "1919"]
[BlackElo "1613"]
[WhiteTeam "Lübecker SV"]
[BlackTeam "SV Mattnetz Berlin"]
[PlyCount "37"]
[WhiteFideId "12983845"]
[BlackFideId "4697723"]
[EventCountry "GER"]
[EventRounds "7"]
[EventType "team-swiss"]
[EventDate "2016.12.26"]

1.e4 e5 2.Nf3 Nc6 3.Bc4 Bc5 4.b4 Bxb4 5.c3 Ba5 6.d4 exd4 7.O-O d6 8.cxd4 Nge7
9.Ng5 d5 10.exd5 Nxd5 11.Nxf7 Kxf7 12.Qf3+ Ke8 13.Bxd5 Qf6 14.Bxc6+ bxc6
15.Qh5+ Qg6 16.Qxa5 Qd6 17.Re1+ Be6 18.Ba3 Qd7 19.Qf5 1-0

[Event "DVM U20 2016"]
[Site "Borken-Gemen GER"]
[Date "2016.12.28"]
[Round "4"]
[White "Klodt, Nicolas"]
[Black "Rietschel, Tilo"]
[Result "1/2-1/2"]
[Termination "normal"]
[Board "5.6"]
[WhiteElo "1653"]
[BlackElo "1856"]
[WhiteTeam "SV Mattnetz Berlin"]
[BlackTeam "Lübecker SV"]
[PlyCount "66"]
[WhiteFideId "12910490"]
[BlackFideId "16208390"]
[EventCountry "GER"]
[EventRounds "7"]
[EventType "team-swiss"]
[EventDate "2016.12.26"]

1.e4 c5 2.Nf3 d6 3.Bc4 Nc6 4.c3 Nf6 5.d3 g6 6.Bg5 Bg7 7.Nbd2 O-O 8.h3 d5 9.Bxf6
Bxf6 10.Bxd5 e6 11.Bc4 Rb8 12.Qe2 b5 13.Bb3 Qc7 14.O-O a5 15.Rfc1 a4 16.Bd1 a3
17.bxa3 b4 18.axb4 cxb4 19.Rab1 bxc3 20.Nc4 Rxb1 21.Rxb1 Nd4 22.Nxd4 Bxd4
23.Bb3 Ba6 24.Ne3 Rd8 25.Bc4 Rb8 26.Rxb8+ Qxb8 27.Nc2 Qb1+ 28.Kh2 Bxc4 29.dxc4
Be5+ 30.g3 Qxa2 31.Qd3 Qb1 32.Kg2 Bd4 33.Kf3 e5 1/2-1/2

[Event "DVM U20 2016"]
[Site "Borken-Gemen GER"]
[Date "2016.12.28"]
[Round "4"]
[White "Keller, Peter"]
[Black "Stricker, Florian"]
[Result "1/2-1/2"]
[Termination "normal"]
[Board "6.1"]
[WhiteTitle "FM"]
[WhiteElo "2285"]
[BlackElo "2115"]
[WhiteTeam "Frankfurter TV"]
[BlackTeam "SG Bochum"]
[PlyCount "61"]
[WhiteFideId "1272105"]
[BlackFideId "12976385"]
[EventCountry "GER"]
[EventRounds "7"]
[EventType "team-swiss"]
[EventDate "2016.12.26"]

1.d4 Nf6 2.Nf3 d5 3.Bf4 e6 4.e3 Be7 5.c4 c6 6.Nc3 Nbd7 7.Bd3 O-O 8.h3 Re8 9.O-O
Nf8 10.Bh2 dxc4 11.Bxc4 b5 12.Bd3 a6 13.Rc1 Bb7 14.Ne4 N8d7 15.Ne5 Nxe5 16.Bxe5
Nxe4 17.Bxe4 f6 18.Bg3 Bd6 19.Bxd6 Qxd6 20.Qh5 f5 21.Bf3 a5 22.Rc2 Rac8 23.Rfc1
Re7 24.Rc5 g6 25.Qg5 e5 26.d5 Rec7 27.e4 cxd5 28.Rxc7 Rxc7 29.Rxc7 Qxc7 30.exf5
Qd6 31.h4 1/2-1/2

[Event "DVM U20 2016"]
[Site "Borken-Gemen GER"]
[Date "2016.12.28"]
[Round "4"]
[White "Rempe, Moritz"]
[Black "Diyap, Murat"]
[Result "1/2-1/2"]
[Termination "normal"]
[Board "6.2"]
[WhiteElo "2105"]
[BlackElo "2084"]
[WhiteTeam "SG Bochum"]
[BlackTeam "Frankfurter TV"]
[PlyCount "41"]
[WhiteFideId "12906867"]
[BlackFideId "1272104"]
[EventCountry "GER"]
[EventRounds "7"]
[EventType "team-swiss"]
[EventDate "2016.12.26"]

1.e4 e6 2.d4 d5 3.exd5 exd5 4.Nf3 Nf6 5.Bd3 Bg4 6.O-O Be7 7.Re1 O-O 8.Nbd2 Nbd7
9.Nf1 Bh5 10.Ng3 Bg6 11.Nf5 Re8 12.Bg5 Bf8 13.N3h4 c6 14.Rxe8 Qxe8 15.Nxg6 hxg6
16.Bxf6 Nxf6 17.Ng3 Qd8 18.c3 Qb6 19.Qc2 Re8 20.Kf1 Qc7 21. Re1 1/2-1/2

[Event "DVM U20 2016"]
[Site "Borken-Gemen GER"]
[Date "2016.12.28"]
[Round "4"]
[White "Engel, Jan"]
[Black "Pilat, Fabian"]
[Result "1/2-1/2"]
[Termination "normal"]
[Board "6.3"]
[WhiteElo "1882"]
[BlackElo "1931"]
[WhiteTeam "Frankfurter TV"]
[BlackTeam "SG Bochum"]
[PlyCount "63"]
[WhiteFideId "12993557"]
[BlackFideId "24683396"]
[EventCountry "GER"]
[EventRounds "7"]
[EventType "team-swiss"]
[EventDate "2016.12.26"]

1.e4 c5 2.Nf3 e6 3.d4 cxd4 4.Nxd4 a6 5.Nc3 Qc7 6.Be2 b5 7.a3 Bb7 8.O-O Nf6
9.Qd3 Be7 10.Kh1 d6 11.Qg3 g6 12.Bd3 Nc6 13.Be3 Qd7 14.f4 h5 15.Nxc6 Bxc6
16.Bd4 Rg8 17.Rae1 Nh7 18.b4 O-O-O 19.a4 g5 20.axb5 axb5 21.Ra1 gxf4 22. Qe1 e5
23.Bb6 Qg4 24.Rg1 Bh4 25.Qd2 Bg3 26.h3 Qh4 27.Bxd8 Rxd8 28.Nxb5 Ng5 29.Qc3 Kd7
30.Ra7+ Ke6 31.Qc4+ Kf6 32.Rxf7+ 1/2-1/2

[Event "DVM U20 2016"]
[Site "Borken-Gemen GER"]
[Date "2016.12.28"]
[Round "4"]
[White "Fistoul, Boris"]
[Black "Pham, Phuong-Bao"]
[Result "1/2-1/2"]
[Termination "normal"]
[Board "6.4"]
[WhiteElo "1865"]
[BlackElo "1840"]
[WhiteTeam "SG Bochum"]
[BlackTeam "Frankfurter TV"]
[PlyCount "100"]
[WhiteFideId "12953962"]
[BlackFideId "12939196"]
[EventCountry "GER"]
[EventRounds "7"]
[EventType "team-swiss"]
[EventDate "2016.12.26"]

1.d4 Nf6 2.c4 g6 3.f3 d5 4.cxd5 Nxd5 5.e4 Nb6 6.Nc3 Bg7 7.Be3 O-O 8.Qd2 e5 9.d5
c6 10.O-O-O cxd5 11.exd5 Bd7 12.h4 Na6 13.g4 Rc8 14.Kb1 f5 15.h5 f4 16.Bxb6
Qxb6 17.hxg6 hxg6 18.Nh3 Rxc3 19.Qxc3 e4 20.Qb3 Qxb3 21.axb3 exf3 22.Ng5 Bxg4
23.Bc4 b5 24.Bxb5 Nc5 25.Bc4 Be5 26.Ne6 Nxe6 27.dxe6 Kg7 28. Rd7+ Kf6 29.Rf7+
Rxf7 30.exf7 Kg7 31.Re1 Bd6 32.Rd1 Bb4 33.Rd8 Bf8 34.Rd2 Be7 35.Kc2 Bf5+ 36.Kd1
g5 37.Rd5 Be6 38.Rxg5+ Bxg5 39.Bxe6 Bh4 40.Bd5 Bf6 41.Bxf3 Kxf7 42.Bd5+ Ke7
43.Ke2 Kd6 44.Bc4 Bxb2 45.Kf3 Ke5 46.Bg8 a5 47. Bf7 Bc1 48.Bg8 Kd4 49.Be6 Ke5
50.Bg8 Kd4 1/2-1/2

[Event "DVM U20 2016"]
[Site "Borken-Gemen GER"]
[Date "2016.12.28"]
[Round "4"]
[White "De Andrade, Leon"]
[Black "Wübker, Paul-Luca"]
[Result "1/2-1/2"]
[Termination "normal"]
[Board "6.5"]
[WhiteElo "1737"]
[BlackElo "1751"]
[WhiteTeam "Frankfurter TV"]
[BlackTeam "SG Bochum"]
[PlyCount "94"]
[WhiteFideId "12993158"]
[BlackFideId "12939528"]
[EventCountry "GER"]
[EventRounds "7"]
[EventType "team-swiss"]
[EventDate "2016.12.26"]

1.d4 d5 2.c4 e6 3.Nc3 Be7 4.cxd5 exd5 5.Bf4 Bf5 6.Qb3 Bc8 7.Qxd5 Nf6 8. Qxd8+
Bxd8 9.e3 O-O 10.Bd3 c6 11.Nf3 Be6 12.O-O Nbd7 13.b4 Be7 14.Rab1 Nd5 15.Nxd5
Bxd5 16.a3 Nf6 17.Ne5 Nh5 18.Bg3 Nxg3 19.hxg3 f6 20.Nd7 Rfd8 21. Nc5 Rdb8
22.Rfc1 a5 23.Nd7 Rd8 24.Nb6 Ra7 25.Nxd5 cxd5 26.bxa5 Bxa3 27.Rc7 Rxa5 28.Rbxb7
Bf8 29.Ra7 Rxa7 30.Rxa7 h6 31.Be2 Bb4 32.Bf3 Kf8 33.Rb7 Bd2 34.Rb2 Bc3 35.Rb5
Ra8 36.Bxd5 Ra1+ 37.Kh2 Rf1 38.Rb3 Ba1 39.Ra3 Bb2 40.Ra2 Rxf2 41.Bf3 Rd2 42.d5
Bc3 43.Rxd2 Bxd2 44.e4 Bb4 45.Bh5 Bd6 46.Kh3 g5 47. Kg4 Ke7 1/2-1/2

[Event "DVM U20 2016"]
[Site "Borken-Gemen GER"]
[Date "2016.12.28"]
[Round "4"]
[White "Gluma, Christian"]
[Black "Werle, Joshua"]
[Result "1-0"]
[Termination "normal"]
[Board "6.6"]
[WhiteElo "1502"]
[BlackElo "1800"]
[WhiteTeam "SG Bochum"]
[BlackTeam "Frankfurter TV"]
[PlyCount "97"]
[WhiteFideId "16223209"]
[BlackFideId "12973890"]
[EventCountry "GER"]
[EventRounds "7"]
[EventType "team-swiss"]
[EventDate "2016.12.26"]

1.e4 Nf6 2.Nc3 d5 3.exd5 Nxd5 4.Bc4 Nb6 5.Bb3 Nc6 6.Qf3 e6 7.Nge2 Be7 8.d3 O-O
9.Ne4 Nd5 10.Bd2 Nf6 11.O-O-O a5 12.c3 Ne5 13.Qg3 Nxd3+ 14.Kc2 Nxe4 15.Qf3
Nexf2 16.Be3 Nxd1 17.Rxd1 Bf6 18.Rxd3 Qe7 19.Qf2 Rd8 20.Bc5 Qe8 21. Rg3 Bh4
22.Rxg7+ Kxg7 23.Qxh4 Rd6 24.Nf4 b6 25.Nh5+ Kf8 26.Be3 e5 27.Nf6 Bf5+ 28.Kc1
Qd8 29.Bh6+ Ke7 30.Bg5 Kf8 31.Nxh7+ Bxh7 32.Bxd8 Raxd8 33.Qxh7 Rf6 34.Qh8+ Ke7
35.Qh4 Rd6 36.Qg5 Kf8 37.Bc4 Rf2 38.Qe3 Rxg2 39.Qxe5 a4 40.Bd5 Rg1+ 41.Kc2 Rgg6
42.a3 c6 43.Bf3 Rdf6 44.Be4 Rf2+ 45.Kb1 Rg1+ 46. Ka2 Rff1 47.Qd6+ Kg8 48.Qd8+
Kg7 49.Qd4+ 1-0

[Event "DVM U20 2016"]
[Site "Borken-Gemen GER"]
[Date "2016.12.28"]
[Round "4"]
[White "Flüchter, Gregor"]
[Black "Kieslich, Aaron"]
[Result "1-0"]
[Termination "normal"]
[Board "7.1"]
[WhiteElo "2168"]
[BlackElo "2062"]
[WhiteTeam "SF Brackel"]
[BlackTeam "TuS Coswig"]
[PlyCount "51"]
[WhiteFideId "12903396"]
[BlackFideId "1270391"]
[EventCountry "GER"]
[EventRounds "7"]
[EventType "team-swiss"]
[EventDate "2016.12.26"]

1.e4 c5 2.Nf3 d6 3.Bb5+ Bd7 4.Bxd7+ Qxd7 5.c4 e5 6.Nc3 g6 7.d3 Bh6 8.Bxh6 Nxh6
9.Nd5 Ng8 10.O-O Nc6 11.Nd2 Nce7 12.f4 Nxd5 13.exd5 exf4 14.Qe2+ Qe7 15.Qf2
O-O-O 16.Rae1 Qf6 17.Ne4 Qf5 18.Qxf4 Qxf4 19.Rxf4 Rd7 20.Rxf7 Rd8 21.Ng5 h6
22.Ne6 Re8 23.Rf8 Rxf8 24.Nxf8 Nf6 25.Nxg6 Rd8 26.Re6 1-0

[Event "DVM U20 2016"]
[Site "Borken-Gemen GER"]
[Date "2016.12.28"]
[Round "4"]
[White "Kunath, Tim"]
[Black "Stemmler, Fabian"]
[Result "1/2-1/2"]
[Termination "normal"]
[Board "7.2"]
[WhiteElo "1893"]
[BlackElo "2087"]
[WhiteTeam "TuS Coswig"]
[BlackTeam "SF Brackel"]
[PlyCount "47"]
[WhiteFideId "12985074"]
[BlackFideId "12964808"]
[EventCountry "GER"]
[EventRounds "7"]
[EventType "team-swiss"]
[EventDate "2016.12.26"]

1.e4 e6 2.d4 d5 3.Nd2 Nf6 4.e5 Nfd7 5.c3 c5 6.Bd3 Nc6 7.Ne2 cxd4 8.cxd4 f6
9.Nf4 Nxd4 10.Qh5+ Ke7 11.exf6+ Nxf6 12.Ng6+ hxg6 13.Qxh8 Kf7 14.O-O e5 15.Nb3
Nxb3 16.axb3 Bf5 17.Bxf5 gxf5 18.Qh3 Qd7 19.Bg5 Bc5 20.Bxf6 Kxf6 21.b4 Bb6
22.Ra3 Rg8 23.Qh4+ g5 24.Qh6+ 1/2-1/2

[Event "DVM U20 2016"]
[Site "Borken-Gemen GER"]
[Date "2016.12.28"]
[Round "4"]
[White "Elier, Ali"]
[Black "von Koslowski, Utz"]
[Result "1/2-1/2"]
[Termination "normal"]
[Board "7.3"]
[WhiteElo "1859"]
[BlackElo "1965"]
[WhiteTeam "SF Brackel"]
[BlackTeam "TuS Coswig"]
[PlyCount "117"]
[WhiteFideId "16217543"]
[BlackFideId "12964247"]
[EventCountry "GER"]
[EventRounds "7"]
[EventType "team-swiss"]
[EventDate "2016.12.26"]

1.e4 c5 2.d4 cxd4 3.c3 d3 4.Bxd3 Nc6 5.c4 d6 6.Nf3 Nf6 7.Nc3 e6 8.O-O Be7 9.a3
O-O 10.Qe2 b6 11.Rd1 e5 12.h3 Be6 13.Be3 Nd7 14.Rab1 Qc8 15.b4 Re8 16.Rd2 h6
17.Nd5 Bf8 18.Rc1 Qd8 19.Bb1 a5 20.Rb2 axb4 21.axb4 Ne7 22.Qd3 Bxd5 23.cxd5 Ng6
24.Rc6 Qf6 25.Bxb6 Nxb6 26.Rxb6 Nf4 27.Qe3 Rec8 28.Rc6 Rcb8 29.b5 Ra1 30.Kh2
Qg6 31.Nh4 Qh5 32.g3 g5 33.b6 Qd1 34.Rc1 Qa4 35.gxf4 exf4 36.Qf3 Ra3 37.Qg4 Qd4
38.Re2 Rxb6 39.Rc8 Qe5 40.Nf3 Rxf3 41.Qxf3 Rxb1 42.Ra2 Ra1 43.Rac2 Ra4 44.Re2
Rb4 45.Qc3 Qxc3 46.Rxc3 Bg7 47.Rc8+ Kh7 48. f3 Rb3 49.Kg2 Rb1 50.h4 Bd4 51.Rc6
Be5 52.hxg5 hxg5 53.Ra2 Rb7 54.Raa6 g4 55.Rc2 g3 56.Rac6 Kg6 57.Rc7 Rb8 58.Ra7
Rh8 59.Raa2 1/2-1/2

[Event "DVM U20 2016"]
[Site "Borken-Gemen GER"]
[Date "2016.12.28"]
[Round "4"]
[White "von Koslowski, Wilhelm"]
[Black "Wastian, Jan"]
[Result "0-1"]
[Termination "normal"]
[Board "7.4"]
[WhiteElo "1509"]
[BlackElo "1960"]
[WhiteTeam "TuS Coswig"]
[BlackTeam "SF Brackel"]
[PlyCount "68"]
[WhiteFideId "12985147"]
[BlackFideId "12911640"]
[EventCountry "GER"]
[EventRounds "7"]
[EventType "team-swiss"]
[EventDate "2016.12.26"]

1.e4 c6 2.Nc3 d5 3.Nf3 Bg4 4.h3 Bxf3 5.Qxf3 e6 6.d3 Bd6 7.Bd2 Nd7 8.g4 Ne5
9.Qe3 d4 10.Qe2 dxc3 11.Bxc3 f6 12.O-O-O Ng6 13.Bd2 Qc7 14.Kb1 O-O-O 15. Bg2
Nf4 16.Qf3 Ne7 17.d4 Nxg2 18.Qxg2 Ng6 19.c3 Kb8 20.h4 Bf4 21.h5 Bxd2 22.Rxd2
Nf4 23.Qf3 g5 24.Rhd1 Rd7 25.c4 Rhd8 26.d5 exd5 27.exd5 cxd5 28. cxd5 Rd6
29.Rc2 Qf7 30.Rdc1 Qxd5 31.Qc3 Rc6 32.Qb4 Rxc2 33.Rxc2 Qd3 34.Qc5 Ne6 0-1

[Event "DVM U20 2016"]
[Site "Borken-Gemen GER"]
[Date "2016.12.28"]
[Round "4"]
[White "Birnkraut, Tim"]
[Black "Lehne, Arwin Hugo"]
[Result "1-0"]
[Termination "normal"]
[Board "7.5"]
[WhiteElo "1875"]
[BlackElo "1457"]
[WhiteTeam "SF Brackel"]
[BlackTeam "TuS Coswig"]
[PlyCount "113"]
[WhiteFideId "24609587"]
[BlackFideId "12985090"]
[EventCountry "GER"]
[EventRounds "7"]
[EventType "team-swiss"]
[EventDate "2016.12.26"]

1.e4 c5 2.c3 e6 3.d4 cxd4 4.cxd4 d5 5.e5 Nc6 6.Nf3 Bb4+ 7.Nc3 Nge7 8.a3 Ba5
9.b4 Bb6 10.Bb2 a6 11.Rc1 Bd7 12.Na4 O-O 13.Bd3 Rc8 14.Nc5 Bxc5 15. Rxc5 Na7
16.Qc2 Rc6 17.Bxh7+ Kh8 18.Bd3 Qc7 19.Rxc6 Qxc6 20.Qxc6 Naxc6 21. O-O b5 22.Nd2
Nc8 23.f4 Nb6 24.Bc2 Ne7 25.g4 Rc8 26.Rc1 Nc4 27.Nxc4 dxc4 28.Be4 Bc6 29.Bxc6
Rxc6 30.Bc3 Nd5 31.f5 Nxc3 32.Rxc3 Rc8 33.Kf2 Rd8 34. Ke3 Kh7 35.Ke4 Kg8 36.Rf3
Rd7 37.Ke3 Rd8 38.Rf4 Rc8 39.Rf2 Rd8 40.h3 Ra8 41.Kd2 Rd8 42.Kc3 Rd7 43.Ra2 Rb7
44.a4 Rb6 45.axb5 axb5 46.h4 f6 47.fxe6 Rxe6 48.Ra8+ Kh7 49.Rb8 fxe5 50.Rxb5
exd4+ 51.Kxd4 Rf6 52.Rf5 Rg6 53.Rf4 Rc6 54.Kc3 g5 55.hxg5 Kg6 56.Rf6+ Rxf6
57.gxf6 1-0

[Event "DVM U20 2016"]
[Site "Borken-Gemen GER"]
[Date "2016.12.28"]
[Round "4"]
[White "Mallon, Frederik"]
[Black "Kantor, Nikita"]
[Result "1-0"]
[Termination "normal"]
[Board "7.6"]
[WhiteElo "1427"]
[BlackElo "1916"]
[WhiteTeam "TuS Coswig"]
[BlackTeam "SF Brackel"]
[PlyCount "57"]
[WhiteFideId "12985104"]
[BlackFideId "12990922"]
[EventCountry "GER"]
[EventRounds "7"]
[EventType "team-swiss"]
[EventDate "2016.12.26"]

1.d4 d6 2.c4 e5 3.e3 c6 4.Nc3 Nd7 5.Bd3 Ngf6 6.Nf3 Qc7 7.O-O Be7 8.b3 O-O 9.Bb2
Re8 10.Qc2 Bf8 11.dxe5 dxe5 12.Ne4 Nxe4 13.Bxe4 Nf6 14.Bf5 e4 15.Nd4 a6 16.Rfd1
Bd6 17.h3 Be5 18.Bxc8 Qxc8 19.Ne2 Qc7 20.Rd2 Bxb2 21.Qxb2 Nd7 22.Rad1 Nc5
23.Nf4 Rad8 24.b4 Rxd2 25.Qxd2 Na4 26.Qd7 Qb8 27.Nh5 Nb2 28. Qd4 f6 29.Qd7 1-0